Sistema agroindustrial sotol en Chihuahua : (Record no. 217687)
[ view plain ]
| 000 -CABECERA | |
|---|---|
| campo de control de longitud fija | 01562nam a22003257a 4500 |
| 003 - IDENTIFICADOR DEL NÚMERO DE CONTROL | |
| campo de control | CHAP |
| 005 - FECHA Y HORA DE LA ÚLTIMA TRANSACCIÓN | |
| campo de control | 20240521125723.0 |
| 007 - CAMPO FIJO DE DESCRIPCIÓN FÍSICA--INFORMACIÓN GENERAL | |
| campo de control de longitud fija | ta |
| 008 - DATOS DE LONGITUD FIJA--INFORMACIÓN GENERAL | |
| campo de control de longitud fija | 221028s2022 |||bo||fr||||a001 0 spa d |
| 040 ## - FUENTE DE LA CATALOGACIÓN | |
| Centro catalogador/agencia de origen | mxchpua |
| 090 ## - LOCALMENTE ASIGNADO TIPO-LC NÚMERO DE CLASIFICACIÓN (OCLC); NÚMERO DE CLASIFICACIÓN LOCAL (RLIN) | |
| Número de clasificación (OCLC) (R) ; Numero de clasificación, CALL (RLIN) (NR) | T.C.880 |
| Número cutter local (OCLC) ; Número de libro/Signatura topográfica íntegra, CALL (RLIN) | V55 SAI |
| Año | 2022 |
| 245 10 - MENCIÓN DE TÍTULO | |
| Título | Sistema agroindustrial sotol en Chihuahua : |
| Resto del título | ensayo-memoria de fase de campo virtual / |
| Mención de responsabilidad, etc. | coordinador Abraham Villegas de Gante ; colaboradores Ana L. Ramos de Jesús...[y otros] |
| 260 ## - PUBLICACIÓN, DISTRIBUCIÓN, ETC. | |
| Lugar de publicación, distribución, etc. | Chapingo, México : |
| Nombre del editor, distribuidor, etc. | El autor, |
| Fecha de publicación, distribución, etc. | 2022 |
| 300 ## - DESCRIPCIÓN FÍSICA | |
| Extensión | 32 hojas : |
| Otras características físicas | mapas, fotos + |
| Material acompañante/anejo | 1 CD-ROM |
| 336 ## - TIPO DE CONTENIDO | |
| Fuente | rdacontent |
| Término de tipo de contenido | texto |
| Código de tipo de contenido | txt |
| 337 ## - TIPO DE MEDIO | |
| Fuente | rda media |
| Nombre/término del tipo de medio | no mediado |
| Código del tipo de medio | n |
| 338 ## - TIPO DE SOPORTE | |
| Fuente | rdacarrier |
| Nombre/término del tipo de soporte | volumen |
| Código del tipo de soporte | nc |
| 500 ## - NOTA GENERAL | |
| Nota general | Grado: 6° año |
| 502 ## - NOTA DE TESIS | |
| Nota de tesis | Viaje de Estudios |
| Tipo de título | (SAI) -- |
| Nombre de la institución que otorga el título | UACh. Departamento de Ingeniería Agroindustrial, |
| Año de obtención del título | 2022 |
| 504 ## - NOTA DE BIBLIOGRAFÍA, ETC. | |
| Nota de bibliografía, etc. | Bibliografía: hojas 30-32 |
| 505 0# - NOTA DE CONTENIDO CON FORMATO | |
| Nota de contenido con formato | Visitas: -- |
| Título | 1. Destilería Maldonado -- <br/>2. Vinata Canos -- <br/>3. Casa Ruelas -- <br/>4. Destilería La Tradición de la Familia -- <br/>5. Sotol Fernández |
| 650 13 - PUNTO DE ACCESO ADICIONAL DE MATERIA--TÉRMINO DE MATERIA | |
| 9 (RLIN) | 31122 |
| Término de materia o nombre geográfico como elemento de entrada | Dasylirion |
| 650 13 - PUNTO DE ACCESO ADICIONAL DE MATERIA--TÉRMINO DE MATERIA | |
| 9 (RLIN) | 148013 |
| Término de materia o nombre geográfico como elemento de entrada | Alcoholes etílicos |
| Subdivisión general | Industria y comercio |
| Subdivisión cronológica | México |
| Subdivisión geográfica | Chihuahua |
| 650 13 - PUNTO DE ACCESO ADICIONAL DE MATERIA--TÉRMINO DE MATERIA | |
| 9 (RLIN) | 161598 |
| Término de materia o nombre geográfico como elemento de entrada | Destilados |
| Subdivisión general | Calidad del producto |
| 650 13 - PUNTO DE ACCESO ADICIONAL DE MATERIA--TÉRMINO DE MATERIA | |
| 9 (RLIN) | 148015 |
| Término de materia o nombre geográfico como elemento de entrada | Distilled spirits |
| Subdivisión general | Industry and trade |
| Subdivisión geográfica | Mexico |
| -- | Chihuahua |
| 650 13 - PUNTO DE ACCESO ADICIONAL DE MATERIA--TÉRMINO DE MATERIA | |
| 9 (RLIN) | 161599 |
| Término de materia o nombre geográfico como elemento de entrada | Distillates |
| Subdivisión general | Product quality |
| 700 1# - PUNTO DE ACCESO ADICIONAL--NOMBRE DE PERSONA | |
| 9 (RLIN) | 185141 |
| Nombre de persona | Villegas de Gante, Abraham Zacarias |
| Término indicativo de función/relación | coordinador |
| 700 1# - PUNTO DE ACCESO ADICIONAL--NOMBRE DE PERSONA | |
| 9 (RLIN) | 185573 |
| Nombre de persona | Ramos de Jesús, Ana L. |
| Término indicativo de función/relación | colaboradora |
| 856 41 - LOCALIZACIÓN Y ACCESO ELECTRÓNICOS | |
| Identificador Uniforme del Recurso | <a href="http://10.13.5.2/ve/T_C_880_SAI/T_C_880_SAI_2022-REPORTE_pdf">http://10.13.5.2/ve/T_C_880_SAI/T_C_880_SAI_2022-REPORTE_pdf</a> |
| Texto de enlace | DESCARGAR REPORTE |
| Estado de retiro | Estado de pérdida | Fuente del sistema de clasificación o colocación | Estado dañado | Restricciones de uso | No para préstamo | Código de colección | Localización permanente | Ubicación/localización actual | Fecha de adquisición | Fuente de adquisición | Total de préstamos | Signatura topográfica completa | Código de barras | Fecha visto por última vez | Número de copia | Tipo de ítem Koha | Ubicación en estantería | Precio válido a partir de |
|---|---|---|---|---|---|---|---|---|---|---|---|---|---|---|---|---|---|---|
| Clasificación Universidad Autónoma de Chapingo | Préstamo interno | Viajes de Estudio | Ingenieria Agroindustrial | Ingenieria Agroindustrial | 28/10/2022 | El autor | T.C.880 V55 SAI 2022 | 1106013630 | 26/01/2026 | Ej.1 | Viaje de Estudios | |||||||
| Clasificación Universidad Autónoma de Chapingo | Préstamo interno | Viajes de Estudio | Ingenieria Agroindustrial | Ingenieria Agroindustrial | 02/03/2023 | El autor | T.C.880 V55 SAI 2022 | 1106013674 | 02/03/2023 | Ej.2 | CD | |||||||
| Clasificación Universidad Autónoma de Chapingo | Viajes de estudio - En línea | Ingenieria Agroindustrial | Ingenieria Agroindustrial | 02/03/2023 | El autor | T.C.880 V55 SAI 2022 | 1206013630 | 02/03/2023 | Viajes de Estudio - En línea | En línea | 02/03/2023 |
